|
|
|
|
| LEADER |
00000cam a2200000 7i4500 |
| 001 |
0000002674 |
| 005 |
20031027.0 |
| 090 |
0 |
0 |
|a C615.321
|b SEM 2003
|
| 110 |
1 |
0 |
|a SEMINAR on Herbal and Medicinal Plants in Traditional Medicine
|k 2003
|j Kuala Lumpur
|
| 245 |
1 |
0 |
|a Seminar ... :
|b cross-cultural perspective, Kuala Lumpur, 26 April 2003
|
| 260 |
0 |
0 |
|a (Kuala Lumpur :
|b Institute of Foresters; Forestry Department Peninsular Malaysia) ,
|c 2003
|
| 300 |
|
|
|a Various pagings :
|b ill. ;
|c 30 cm.
|
| 500 |
0 |
0 |
|a Includes bibliographical references
|
| 650 |
0 |
0 |
|a Herbs
|x Therapeutic use
|x Congresses
|
| 650 |
0 |
0 |
|a Medicinal plants
|x Congresses
|
| 998 |
|
|
|a JPSM
|
| 999 |
|
|
|a 0000005047
|b Monograph
|c Conference kit
|e Default branch
|